Word Ladder: Obscure July 30 Holiday Quiz Stats

 Plays Quiz Updated Jul 30, 2018

Challenge
Share
Tweet
Embed
Score 0/21 Timer 02:00
3 Plays Today
Hint 3-Letter Word % Correct
Mother chickenHEN
98.2%
That woman• HER •
97.6%
Tattoo liquidINK
96.9%
Charged particleION
95.5%
Spousal term of endearmentHON
93.4%
Slippery, at times electrified, fishEEL
93.3%
Quaint accommodations• INN •
93.1%
Deer and moose cousinELK
91.3%
'and the like...'ILK
87.8%
Crow soundCAW
87.7%
EvergreenFIR
86.9%
Hint 3-Letter Word % Correct
Baseball's RipkenCAL
84.5%
BendELL
82.4%
Single animation slideCEL
81.6%
Ian McKellen or Patrick Stewart, e.g.SIR
81.3%
Actress Doris of 'Pillow Talk'• DAY •
80.8%
To be, en EspañolSER
79.6%
In good healthFIT
78.3%
Order partner• LAW •
69.5%
Lipid macronutrient• FAT •
68%
SituateLAY
66.7%

Today's Daily Dose

You're not logged in!

Compare scores with friends on all Sporcle quizzes.
OR
Log In

You Might Also Like...

Show Comments

Extras

Top Quizzes Today


Score Distribution

Your Account Isn't Verified!

In order to create a playlist on Sporcle, you need to verify the email address you used during registration. Go to your Sporcle Settings to finish the process.

Report this User

Report this user for behavior that violates our Community Guidelines.

Details: